00342nam a2200109Ia 4500008004100000041000800041100002300049245008400072260003300156300000800189700003500197250110s9999 xx 000 0 und d aeng aChinchwade Bhavana aLandscape Development Of Urban Open Spaces At Pimpri Chinchwad In Extended Area bM Arch Landscape, Punec2012 a75p aGuide Name:Sahstrabuddhe Swati